02862nam a2200517Ia 4500001001200000003000800012006001900020007001500039008004100054010001700095020001800112020003500130040002100165035002100186050002300207100005900230245019300289260005500482300003100537490004100568500016800609504005100777533015200828600010400980600009501084650005401179650008101233650007201314650006801386650005901454650006901513650006001582651005501642651004601697655002901743700002601772700002101798700001901819700009601838700009601934700011202030710001702142830004202159856012602201999001702327ebr10408864CaPaEBRm u cr cn|||||||||021227s2003 aluab sb 001 0 eng d z 2002045576 z9780817384951 z0817312765 (pbk. : alk. paper) aCaPaEBRcCaPaEBR a(OCoLC)68062080814aE78.L8bM64 2003eb1 aMoore, Clarence B.q(Clarence Bloomfield),d1852-1936.14aThe Louisiana and Arkansas expeditions of Clarence Bloomfield Mooreh[electronic resource] /cedited and with an introduction by Richard A. Weinstein, David B. Kelley, and Joe W. Saunders. aTuscaloosa :bUniversity of Alabama Press,cc2003. aix, 676 p. :bill., 1 map.1 aClassics in southeastern archaeology a"Reprint from author's: Antiquities of the Ouachita Valley (1909); Some aboriginal sites on the Red River (1912); Some aboriginal sites in La. and in Ark. (1913)". aIncludes bibliographical references and index. aElectronic reproduction.bPalo Alto, Calif. :cebrary,d2011.nAvailable via World Wide Web.nAccess may be limited to ebrary affiliated libraries.10aMoore, Clarence B.q(Clarence Bloomfield),d1852-1936xTravelzOuachita River Valley (Ark. and La.)10aMoore, Clarence B.q(Clarence Bloomfield),d1852-1936xTravelzRed River Valley (Tex.-La.) 0aIndians of North AmericazLouisianaxAntiquities. 0aIndians of North AmericazOuachita River Valley (Ark. and La.)xAntiquities. 0aIndians of North AmericazRed River Valley (Tex.-La.)xAntiquities. 0aExcavations (Archaeology)zOuachita River Valley (Ark. and La.) 0aExcavations (Archaeology)zRed River Valley (Tex.-La.) 0aArchaeological expeditionszOuachita River Valley (Ark. and La.) 0aArchaeological expeditionszRed River Valley (Tex.-La.) 0aOuachita River Valley (Ark. and La.)xAntiquities. 0aRed River Valley (Tex.-La.)xAntiquities. 7aElectronic books.2local1 aWeinstein, Richard A.1 aKelley, David B.1 aSaunders, Joe.12aMoore, Clarence B.q(Clarence Bloomfield),d1852-1936.tAntiquities of the Ouachita Valley.12aMoore, Clarence B.q(Clarence Bloomfield),d1852-1936.tSome aboriginal sites on Red River.12aMoore, Clarence B.q(Clarence Bloomfield),d1852-1936.tSome aboriginal sites in Louisiana and in Arkansas.2 aebrary, Inc. 0aClassics in southeastern archaeology.40uhttp://site.ebrary.com/lib/rucke/Doc?id=10408864zAn electronic book accessible through the World Wide Web; click to view c79916d79916